[Event "13th EICC"]
[Site "Plovdiv BUL"]
[Date "2012.03.28"]
[Round "8.73"]
[White "Nedilko,V"]
[Black "Maze,S"]
[Result "0-1"]
[WhiteElo "2392"]
[BlackElo "2577"]

1.d4 Nf6 2.c4 e6 3.Nc3 Bb4 4.Nf3 b6 5.Bg5 Bb7 6.Nd2 h6 7.Bh4 O-O 8.e4 g5
9.Bg3 Bxe4 10.h4 Bg6 11.hxg5 hxg5 12.Qf3 Nc6 13.Bxc7 Qe7 14.a3 Bxc3 15.bxc3 e5
16.d5 Kg7 17.c5 Qxc5 18.dxc6 Rac8 19.Be2 dxc6 20.Qg3 Rxc7 21.Qxg5 Nh7 22.Qh6+ Kg8
23.Bc4 Kh8 24.Nb3 Qe7 25.Rd1 b5 26.Bd3 e4 27.Be2 Re8 28.Bh5 e3 29.f3 Qe5
30.Bxg6  0-1

[Event "13th EICC"]
[Site "Plovdiv BUL"]
[Date "2012.03.29"]
[Round "9.22"]
[White "Sjugirov,S"]
[Black "Kryvoruchko,Y"]
[Result "1/2-1/2"]
[WhiteElo "2610"]
[BlackElo "2666"]

1.d4 Nf6 2.c4 e6 3.Nc3 Bb4 4.Nf3 b6 5.Qc2 Bb7 6.Bg5 h6 7.Bh4 g5 8.Bg3 Ne4
9.Be5 f6 10.d5 fxe5 11.Qxe4 Qf6 12.h4 g4 13.Nxe5 Rg8 14.Rc1 Na6 15.g3 O-O-O
16.Nd3 Rgf8 17.Qf4 Qg7 18.Qd2 exd5 19.Nxb4 Nxb4 20.cxd5 Qf7 21.Ne4 Qxd5 22.Nd6+ Kb8
23.Nxb7 Qxb7 24.Rg1 Nc6 25.Bg2 Qa6 26.Bd5 Rde8 27.Bc4 Qc8 28.Kf1 Ne5 29.Bd5 c6
30.Kg2 Qd8 31.Bb3 Qf6 32.Rgf1 d5 33.a4 Nd7 34.a5 Qe6 35.axb6 axb6 36.Rce1 Ne5
37.Rc1 Kb7 38.Qd4 Nd7 39.Qc3 Nc5 40.Rce1 d4 41.Bxe6 dxc3 42.Bxg4 cxb2 43.Rb1 Na4
44.e4 Rxe4 45.Bd1 c5 46.Bxa4 Rxa4 47.Rxb2 Rd4 48.Re1 Rf6 49.h5 c4 50.Rb4 Rc6
51.f4 Rd2+ 52.Kf3 c3 53.Rc1 c2 54.Rb2 Rc3+ 55.Ke4 Kc6 56.g4 b5 57.g5 b4 58.g6 b3
59.g7 Rd8 60.Rxb3 Rxb3 61.Rxc2+ Kb7 62.Rg2 Rg8 63.Kf5 Rb6 64.Rg6 Rb4 65.Rg1 Rb6
66.Rg6 Rb4 67.Ke5 Kc7 68.f5 Kd7 69.Ra6 Re8+ 70.Kf6 Rg4 71.Ra7+ Kd6 72.Kf7 Rb8
73.f6 Ke5 74.Ra5+ Kd6 75.Ra7 Ke5 76.Ke7 Rg1 77.Ra5+ Kf4 78.Ke6 Rb6+ 79.Kf7 Rb8
80.Rd5 Ra8 81.Rb5 Rg2 82.Rb4+ Kf5 83.Rb7 Rg1 84.Rb5+ Kf4 85.Rd5 Rg2 86.Rd1 Kf5
87.Rf1+ Ke5 88.Re1+ Kf5 89.Rf1+  1/2-1/2

[Event "13th EICC"]
[Site "Plovdiv BUL"]
[Date "2012.03.30"]
[Round "10.105"]
[White "Nedilko,V"]
[Black "Steingrimsson,H"]
[Result "1/2-1/2"]
[WhiteElo "2392"]
[BlackElo "2556"]

1.d4 Nf6 2.c4 e6 3.Nc3 Bb4 4.Nf3 b6 5.e3 Ne4 6.Qc2 Bb7 7.Bd3 Bxc3+ 8.bxc3 f5
9.O-O O-O 10.Nd2 Qh4 11.f3 Ng5 12.f4 Nf7 13.e4 g6 14.Ba3 Re8 15.Rae1 Nc6
16.d5 Ne7 17.Nf3 Qf6 18.Ne5 Nxe5 19.fxe5 Qg7 20.exf5 gxf5 21.Rf3 Ng6 22.Rg3 Kf7
23.h4 Rh8 24.h5 Qh6 25.hxg6+ hxg6 26.Rh3 Qg5 27.Bc1 Qe7 28.Rxh8 Rxh8 29.Qf2 exd5
30.Qg3 Rh4 31.Bg5 Qc5+ 32.Be3 Qe7 33.Bg5 Qc5+ 34.Be3 Qe7 35.c5 Rg4 36.Qf3 Qxe5
37.Bf2 Qxc3 38.Qe2 Re4 39.Bxe4 dxe4 40.Rd1 Ke6 41.Bd4 Qg3 42.Be3 f4 43.Qc4+ Ke7
44.Bf2 Qg4 45.Qd4 e3 46.Qg7+ Ke8 47.Qg8+ Ke7 48.Qg7+ Ke8 49.Qg8+ Ke7 50.Qg7+ Ke8
51.Qg8+ Ke7  1/2-1/2

[Event "TCh-NED Meesterklasse 2011-12"]
[Site "Netherlands NED"]
[Date "2012.03.31"]
[Round "8.3"]
[White "Van Wessel,R"]
[Black "Winants,L"]
[Result "0-1"]
[WhiteElo "2375"]
[BlackElo "2540"]

1.d4 Nf6 2.c4 e6 3.Nc3 Bb4 4.Nf3 d5 5.Qb3 c5 6.dxc5 Nc6 7.e3 O-O 8.Bd2 Bxc5
9.Rd1 Qe7 10.Qc2 a6 11.a3 Ba7 12.b4 Bd7 13.Qb3 d4 14.exd4 e5 15.dxe5 Nxe5
16.Nxe5 Qxe5+ 17.Be2 Ng4 18.c5 Be6 19.Qc2 Rfe8 20.h3 Nf6 21.f4 Qc7 22.O-O b6
23.Bf3 bxc5 24.b5 Bb3 25.Qf5 Bxd1 26.Bxa8 Bh5 27.Bf3 Bg6 28.Qg5 h6 29.Qg3 Rd8
30.Qe1 Qd7 31.b6 Bxb6 32.Be3 Bd3 33.Rf2 Re8 34.Qd2 Ba7 35.Kh2 c4 36.Bxa7 Qxa7
37.f5 Qd4 38.Kg1 h5 39.Bc6 Re5 40.Bb7 Rxf5  0-1

[Event "TCh-CZE Liga 1 Zapad"]
[Site "Czech Rep CZE"]
[Date "2012.04.01"]
[Round "11.5"]
[White "Juptner,J"]
[Black "Tichy,Vl"]
[Result "1-0"]
[WhiteElo "2318"]
[BlackElo "2257"]

1.d4 Nf6 2.c4 e6 3.Nc3 Bb4 4.Nf3 c5 5.g3 O-O 6.Bg2 d6 7.O-O Bxc3 8.bxc3 Nc6
9.Bf4 Re8 10.Rb1 Ne4 11.Qc2 f5 12.dxc5 e5 13.Be3 dxc5 14.Nh4 Qf6 15.Nxf5 Bxf5
16.Bxe4 Bxe4 17.Qxe4 b6 18.Rbd1 Na5 19.Rd7 Qe6 20.Rfd1 Qxc4 21.Rxg7+ Kxg7
22.Rd7+ Kf6 23.Qxh7 Qg8 24.Qh6+ Kf5 25.f3 Qg6 26.Rf7+  1-0

[Event "Semana Santa LAB Open"]
[Site "Bogota COL"]
[Date "2012.04.06"]
[Round "5"]
[White "Ramirez,Hei"]
[Black "Nunez V,D"]
[Result "1-0"]
[WhiteElo "2089"]
[BlackElo "2220"]

1.d4 Nf6 2.c4 e6 3.Nc3 Bb4 4.Nf3 b6 5.e3 Bb7 6.Bd3 O-O 7.O-O Bxc3 8.bxc3 Ne4
9.Qc2 f5 10.Nd2 Qh4 11.f3 Ng5 12.e4 f4 13.e5 Nc6 14.Ne4 Nxe4 15.Bxe4 Na5
16.Bd3 Nc6 17.a4 Rf7 18.Qf2 Qh5 19.Ba3 Rd8 20.c5 bxc5 21.Bxc5 d6 22.exd6 cxd6
23.Ba3 Ne7 24.Rfe1 Rf6 25.c4 Nf5 26.c5 Rh6 27.h3 Nh4 28.cxd6 Nxg2 29.Qxg2 Bxf3
30.Re5 Qxh3 31.Qxh3 Rxh3  1-0

[Event "Pobeskydi IM 2012"]
[Site "Frydek Mistek CZE"]
[Date "2012.04.07"]
[Round "7"]
[White "Pecha,T"]
[Black "Svana,P"]
[Result "1/2-1/2"]
[WhiteElo "2260"]
[BlackElo "2274"]

1.d4 Nf6 2.Nf3 e6 3.c4 Bb4+ 4.Nc3 Ne4 5.Bd2 Nxd2 6.Qxd2 c5 7.e3 O-O 8.a3 Qa5
9.Rc1 Bxc3 10.Qxc3 Qxc3+ 11.Rxc3 b6 12.Be2 Bb7 13.O-O Nc6 14.Rd1 cxd4 15.Nxd4 Ne7
16.Bf3 Bxf3 17.Nxf3 d5 18.cxd5 Nxd5  1/2-1/2

[Event "Campomanes Mem GM Open"]
[Site "Bandar Seri Begawan BRU"]
[Date "2012.04.08"]
[Round "2.9"]
[White "Vakhidov,J"]
[Black "Fong Yit Ho"]
[Result "1-0"]
[WhiteElo "2396"]
[BlackElo "2001"]

1.d4 Nf6 2.c4 e6 3.Nc3 Bb4 4.Nf3 b6 5.Qc2 Bb7 6.Bg5 O-O 7.Nd2 d5 8.cxd5 Bxc3
9.Qxc3 exd5 10.Bxf6 Qxf6 11.Qxc7 Ba6 12.e3 Rc8 13.Qe5 Qxe5 14.dxe5 Bxf1 15.Rxf1 Nd7
16.f4 Rc2 17.Rb1 Rac8 18.Kd1 b5 19.Rf2 Nb6 20.Ne4 Rxf2 21.Nxf2 Kf8 22.b3 Ke7
23.Rc1 Rxc1+ 24.Kxc1 Nd7 25.Kd2 Ke6 26.Kc3 a5 27.Kd4 f6 28.Nd3 fxe5+ 29.fxe5 g5
30.Nc5+ Nxc5 31.Kxc5 b4 32.Kd4  1-0

[Event "Karposh Open 2012"]
[Site "Skopje MKD"]
[Date "2012.04.08"]
[Round "2.57"]
[White "Karatrajkov,Nikola"]
[Black "Kukov,T"]
[Result "0-1"]
[WhiteElo "1770"]
[BlackElo "2112"]

1.d4 Nf6 2.c4 e6 3.Nf3 Bb4+ 4.Nc3 c5 5.e3 O-O 6.Qc2 b6 7.Bd3 Bb7 8.Ng5 h6
9.Ne4 d5 10.Nxf6+ Qxf6 11.a3 Bxc3+ 12.bxc3 dxc4 13.Bh7+ Kh8 14.Be4 Bxe4 15.Qxe4 Nd7
16.O-O Qf5 17.Qh4 Nf6 18.f3 cxd4 19.exd4 Nd5 20.Bd2 Qd3 21.Qe1 Rfe8 22.Rd1 Qg6
23.Qe4 Kh7 24.Rfe1 Rad8 25.f4 Qxe4 26.Rxe4 Nf6 27.Re5 Rd5 28.Rde1 Rxe5 29.fxe5 Nd5
30.a4 a6 31.g4 b5 32.Ra1 Rb8 33.axb5 axb5 34.Rc1 Ra8 35.Kf1 Ra2 36.Ke1 Ra3
37.Kd1 g5 38.Be1 Ra2 39.Bd2 Kg6 40.Rc2 Ra1+ 41.Rc1 Rxc1+ 42.Kxc1 Nf4 43.Kb2 Nd3+
44.Ka3 f5 45.exf6 Kxf6 46.Be3 Ke7 47.Bg1 Kd6  0-1

[Event "Campomanes Mem GM Open"]
[Site "Bandar Seri Begawan BRU"]
[Date "2012.04.09"]
[Round "3.3"]
[White "Vakhidov,J"]
[Black "Dimakiling,O"]
[Result "1-0"]
[WhiteElo "2396"]
[BlackElo "2447"]

1.d4 Nf6 2.c4 e6 3.Nc3 Bb4 4.Nf3 O-O 5.Qc2 d5 6.cxd5 exd5 7.Bg5 h6 8.Bh4 g5
9.Bg3 Ne4 10.Nd2 Bf5 11.Ndxe4 Bxe4 12.Qb3 c5 13.a3 Nc6 14.axb4 Nxd4 15.Qd1 Nc2+
16.Kd2 Nxa1 17.Qxa1 cxb4 18.Nb5 d4 19.Nd6 Bg6 20.b3 Qf6 21.Qa5 Rfd8 22.Qxb4 a5
23.Qc5 a4 24.Be5 Qe6 25.e4 dxe3+ 26.fxe3 axb3 27.Bc4 Qg4 28.Kc3 b5 29.Bd4 Rxd6
30.Qxd6 Qe4 31.Bxb3 Qd3+ 32.Kb4 Qd2+ 33.Kc5 Kh7 34.Qf6 Rg8 35.Bxf7 Qc2+ 36.Kd6  1-0

[Event "16th Neckar Open"]
[Site "Deizisau GER"]
[Date "2012.04.09"]
[Round "9.7"]
[White "Bacrot,E"]
[Black "Rau,H"]
[Result "1-0"]
[WhiteElo "2706"]
[BlackElo "2464"]

1.c4 Nf6 2.d4 e6 3.Nc3 Bb4 4.Nf3 O-O 5.Bg5 c5 6.Rc1 h6 7.Bh4 cxd4 8.Nxd4 Nc6
9.e3 b6 10.Nb5 Be7 11.Be2 Ne8 12.Bg3 d6 13.O-O Bb7 14.Bf3 a6 15.Nd4 Qc8 16.Nxc6 Bxc6
17.Nd5 Bd8 18.Nb4 Bxf3 19.Qxf3 Ra7 20.Qc6 Qxc6 21.Nxc6 Ra8 22.Rfd1 Bc7 23.e4 f6
24.f3 Kf7 25.Bf2 a5 26.Nd4 Ke7 27.Nb5 Rb8 28.Rc3 Rb7 29.Rb3 Kd7 30.f4 g6
31.Rh3 Rh8 32.Rg3 g5 33.f5 e5 34.Rb3 h5 35.Nc3 Kc6 36.Nd5 Bd8 37.Rdd3 Rhh7
38.Kf1 Rb8 39.Rh3 Rbb7 40.Rb5 Rb8 41.Rhb3 Rhb7 42.Ke2 Ng7 43.Kd2 Ne8 44.Kc2 Ng7
45.a4 Ne8 46.Rh3 Ng7 47.b4 axb4 48.Nxb4+ Kd7 49.Nd5 Kc6 50.Rhb3 Ne8 51.Kb2 Ng7
52.Nb4+ Kd7 53.a5  1-0

[Event "2nd Invitational"]
[Site "Saint Louis USA"]
[Date "2012.04.11"]
[Round "5"]
[White "Gerzhoy,L"]
[Black "Brooks,M"]
[Result "1/2-1/2"]
[WhiteElo "2489"]
[BlackElo "2456"]

1.d4 Nf6 2.c4 e6 3.Nf3 Bb4+ 4.Nc3 c5 5.g3 O-O 6.Bg2 d6 7.O-O Bxc3 8.bxc3 Nc6
9.Bf4 Ne4 10.Qd3 f5 11.Nd2 Nxc3 12.dxc5 e5 13.Be3 f4 14.Qxc3 fxe3 15.Bd5+ Kh8
16.fxe3 Bf5 17.Nf3 dxc5 18.Nxe5 Nxe5 19.Qxe5 Qd7 20.Bxb7 Qxb7 21.Rxf5 Rxf5
22.Qxf5 Qe7 23.Qd3 Rd8 24.Qc3 Qe4 25.Rf1 Kg8 26.Qb3 h6 27.Rf4 Qe6 28.e4 Qe5
29.Qc2 a5 30.Kg2 Qa1 31.Rf1 Qe5 32.Rf5 Qa1 33.Rxc5 Rd1 34.Rf5 Rh1 35.Rf2 Rg1+
36.Kh3 Qd4 37.Rf5 g6 38.Rd5 Qf6 39.Qd3 Qe6+ 40.Kh4 Qf6+ 41.Kh3 Qe6+ 42.Kh4 Qf6+
43.Kh3  1/2-1/2

[Event "ch-ISL 2012"]
[Site "Kopavogur ISL"]
[Date "2012.04.19"]
[Round "7"]
[White "Stefansson,H"]
[Black "Thorfinnsson,Br"]
[Result "0-1"]
[WhiteElo "2531"]
[BlackElo "2421"]

1.d4 Nf6 2.c4 e6 3.Nc3 Bb4 4.Nf3 b6 5.Bg5 Bb7 6.Nd2 Bxc3 7.bxc3 d6 8.f3 Nbd7
9.e4 e5 10.Be2 Qe7 11.Nf1 h6 12.Bh4 g5 13.Bf2 Nh5 14.Ne3 Nf4 15.Bf1 O-O-O
16.Qa4 a5 17.g3 Ne6 18.Nd5 Qf8 19.Bh3 h5 20.Bf5 g4 21.fxg4 hxg4 22.O-O-O Kb8
23.Bxg4 Qg7 24.Bf5 c6 25.Qa3 cxd5 26.Qxd6+ Ka7 27.c5 Ndxc5  0-1

[Event "TCh-AUT 1st Bundesliga 2012"]
[Site "Jenbach AUT"]
[Date "2012.04.20"]
[Round "9.3"]
[White "Naumann,Al"]
[Black "Schlosser,P"]
[Result "1/2-1/2"]
[WhiteElo "2541"]
[BlackElo "2591"]

1.d4 Nf6 2.c4 e6 3.Nc3 Bb4 4.Nf3 c5 5.g3 Nc6 6.Bg2 Ne4 7.Bd2 Nxd2 8.Qxd2 cxd4
9.Nxd4 Qb6 10.Nc2 Be7 11.O-O O-O 12.Rfd1 Rd8 13.Rac1 d6 14.Na4 Qc7 15.Ne3 Bf8
16.Nc3 b6 17.Qc2 Bb7 18.Be4 g6 19.Ncd5 Qb8 20.Nf6+ Kh8 21.Qa4 Ne7 22.Qc2 Bg7
23.Bxb7 Qxb7 24.Ne4 Qc7 25.b3 Rac8 26.Qb1 a6 27.Rc2 h6 28.Rcd2 Nc6 29.Nxd6 Rb8
30.Qe4 Kg8 31.h4 Ne5 32.h5 f5 33.Qg2 gxh5 34.c5 bxc5 35.Nec4 Nxc4 36.Nxc4 Rxd2
37.Rxd2 Rd8 38.Rxd8+ Qxd8 39.Qf3 h4 40.gxh4 Qxh4 41.Qc6 Qg4+ 42.Kf1 Qh3+
43.Kg1 Qg4+ 44.Kf1 Qh3+ 45.Kg1  1/2-1/2

[Event "14th Dubai Open 2012"]
[Site "Dubai UAE"]
[Date "2012.04.21"]
[Round "7.7"]
[White "Mchedlishvili,M"]
[Black "Lalith,B"]
[Result "1-0"]
[WhiteElo "2626"]
[BlackElo "2532"]

1.d4 Nf6 2.c4 e6 3.Nf3 Bb4+ 4.Nc3 c5 5.e3 O-O 6.Bd3 d5 7.O-O cxd4 8.exd4 dxc4
9.Bxc4 b6 10.Bg5 Bb7 11.Re1 Nbd7 12.Rc1 Rc8 13.Bd3 Bxc3 14.bxc3 Qc7 15.Bh4 Qb8
16.Nd2 Qd6 17.Bf1 Rfe8 18.Nc4 Qd5 19.Ne3 Qa5 20.c4 h6 21.a4 Bc6 22.Ra1 Qb4
23.a5 Ne4 24.f3 Nef6 25.Qd3 Ba8 26.axb6 axb6 27.Ra7 e5 28.Rb1 Qf8 29.d5 e4
30.Qd4 exf3 31.gxf3 Qd6 32.Nf5 Qc5 33.Qxc5 Rxc5 34.Bxf6 Nxf6 35.Rxb6 Rd8
36.Nxh6+  1-0

[Event "3rd LUC Open"]
[Site "Lille FRA"]
[Date "2012.04.24"]
[Round "2.8"]
[White "Manolache,M"]
[Black "Song,Ju"]
[Result "1-0"]
[WhiteElo "2561"]
[BlackElo "2333"]

1.d4 Nf6 2.c4 e6 3.Nf3 Bb4+ 4.Nc3 c5 5.e3 O-O 6.Qc2 b6 7.Be2 Bb7 8.O-O cxd4
9.exd4 h6 10.a3 Bxc3 11.Qxc3 Qc7 12.d5 exd5 13.Bxh6 dxc4 14.Nh4 Re8 15.Rfe1 Qe5
16.Qxe5 Rxe5 17.Bf4 Re4 18.Bg3 d5 19.Nf5 Nc6 20.Nd6 Re7 21.Bf3 Rd7 22.Rad1 Rad8
23.Bxd5 Nxd5 24.Rxd5 Na5 25.Rd4 Nb3 26.Rh4 Bc6 27.Nf5 Nd4 28.Rxd4 Rxd4 29.Ne7+ Kf8
30.Nxc6 Rd1 31.Kf1 R8d2 32.Be5  1-0

[Event "Historical Melaka Op"]
[Site "Melaka MAS"]
[Date "2012.04.24"]
[Round "2"]
[White "Nolte,R"]
[Black "Hamdani,R"]
[Result "1/2-1/2"]
[WhiteElo "2456"]
[BlackElo "2322"]

1.d4 Nf6 2.c4 e6 3.Nc3 Bb4 4.Nf3 b6 5.Bg5 Bxc3+ 6.bxc3 Bb7 7.e3 d6 8.Bd3 Nbd7
9.Qc2 Qe7 10.e4 e5 11.O-O h6 12.Bh4 O-O 13.Nd2 Rfe8 14.Rfe1 Nf8 15.f3 Ne6
16.Bf2 Nh5 17.Bf1 Bc8 18.a4 a5 19.Nb3 Bd7 20.Be3 Red8 21.Nc1 Qf6 22.Bf2 Kh8
23.Rd1 g6 24.Kh1 Nhg7 25.Nd3 Nh5 26.Nb2 c5 27.d5 Nf8 28.Nd3 g5 29.g3 Ng6
30.Be2 Ne7 31.Nb2 Rg8 32.Bd3  1/2-1/2

[Event "Spartak IM 2012"]
[Site "Subotica SRB"]
[Date "2012.04.25"]
[Round "8.2"]
[White "Kumic,F"]
[Black "Djokic,Nen"]
[Result "0-1"]
[WhiteElo "2247"]
[BlackElo "2393"]

1.d4 Nf6 2.Nf3 e6 3.c4 Bb4+ 4.Nc3 c5 5.g3 Nc6 6.Bg2 Ne4 7.Bd2 Bxc3 8.Bxc3 Nxc3
9.bxc3 O-O 10.O-O d6 11.Qd3 Qe7 12.Nd2 Bd7 13.Rab1 b6 14.e3 Rac8 15.f4 cxd4
16.cxd4 Rc7 17.Bxc6 Bxc6 18.Rbc1 Rfc8 19.e4 Bb7 20.Qa3 Ba8 21.Rfe1 Qd7 22.Qb2 h6
23.Qb3 f5 24.exf5 Qc6 25.d5 exd5 26.Qf3 dxc4 27.Qxc6 Rxc6 28.Re7 c3 29.Ne4 d5
30.Nf2 a5 31.Rd7 R6c7 32.Rd6 b5 33.f6 c2 34.Kf1 Rc3 35.Rd7 R3c7 36.Rxc7 Rxc7
37.Ke2 d4 38.Kd2 Bd5 39.fxg7 Bxa2 40.Rxc2 Rxc2+ 41.Kxc2 Bc4 42.Ne4 Kxg7 43.Nd2 a4
44.Kb2 Be2 45.Ka3 Kf6 46.Kb4 Kf5 47.h3 h5 48.Kc5 d3 49.Kb4 h4 50.gxh4 Kxf4
51.Nb1 Ke3 52.Kc3 Bh5 53.Nd2 b4+  0-1

[Event "TCh-AUT 2 Ost 2011-12"]
[Site "Bruck AUT"]
[Date "2012.04.28"]
[Round "10"]
[White "Ganaus,H"]
[Black "Papp,Ga"]
[Result "1/2-1/2"]
[WhiteElo "2293"]
[BlackElo "2551"]

1.d4 Nf6 2.c4 e6 3.Nc3 Bb4 4.Nf3 b6 5.e3 Ne4 6.Qc2 Bb7 7.Be2 f5 8.O-O Bxc3
9.bxc3 d6 10.Ne1 Nd7 11.f3 Nef6 12.Nd3 Qe7 13.a4 a5 14.Nf2 O-O 15.Bd3 Rae8
16.Bd2 g6 17.e4 fxe4 18.Nxe4 Nxe4 19.Bxe4 Bxe4 20.Qxe4 Nf6 21.Qc6 Qd7 22.Qxd7 Nxd7
23.Bh6 Rf7 24.Rfe1 Nf6 25.Rab1 Rd7 26.Rb5 Kf7 27.h4 Rb8 28.Reb1 Re8 29.Re1 Rb8
30.Reb1 Re8 31.Re1  1/2-1/2

[Event "TCh-SUI National A 2012"]
[Site "Switzerland SUI"]
[Date "2012.04.29"]
[Round "3.1"]
[White "Pinter,J"]
[Black "Milov,V"]
[Result "1/2-1/2"]
[WhiteElo "2548"]
[BlackElo "2653"]

1.d4 Nf6 2.c4 e6 3.Nc3 Bb4 4.Nf3 Nc6 5.Qc2 d6 6.Bg5 h6 7.Bh4 g5 8.Bg3 g4
9.d5 exd5 10.cxd5 Nxd5 11.Nd2 Be6 12.Nxd5 Bxd5 13.a3 Ba5 14.b4 Bb6 15.e3 Qf6
16.Rd1 O-O-O 17.Nc4 Bxc4 18.Bxc4 h5 19.h4 gxh3 20.Rxh3 h4 21.Bh2 Kb8 22.Qb3 Ne5
23.Be2 Qg7 24.Bf1 f5 25.a4 a5 26.Rd5 Nc6 27.b5 Ne5 28.Bxe5 dxe5 29.Rxh4 Rhf8
30.g3 f4 31.gxf4 Qe7 32.Rxd8+ Rxd8 33.Rg4 Qd7 34.Be2 Qd2+ 35.Kf1 Qc1+ 36.Kg2 Rd2
37.Rg8+ Ka7 38.Qe6 Rxe2 39.Qe8 Rxf2+ 40.Kxf2 Qxe3+ 41.Kg2 Qe4+ 42.Kh2 Qxf4+
43.Kg2 Qe4+ 44.Kh2 Qe2+ 45.Rg2 Qc4 46.Rg8 Qc2+ 47.Kh3 Qd3+ 48.Kg2 Qc2+ 49.Kh3 Qd3+
50.Kg2 Qe2+ 51.Kh3 Qf3+ 52.Kh2 Qf2+ 53.Kh3 Qf1+ 54.Kh2  1/2-1/2

[Event "TCh-CHN 2012"]
[Site "Beijing CHN"]
[Date "2012.05.01"]
[Round "4"]
[White "Zhao Jun"]
[Black "Yu Shaoteng"]
[Result "1-0"]
[WhiteElo "2583"]
[BlackElo "2507"]

1.c4 Nf6 2.Nc3 e6 3.Nf3 Bb4 4.d4 b6 5.Bg5 h6 6.Bh4 g5 7.Bg3 Ne4 8.Rc1 Bb7
9.Nd2 Bxc3 10.bxc3 Nxg3 11.hxg3 d6 12.e4 Nd7 13.Be2 Qe7 14.Qa4 c5 15.Bf3 e5
16.d5 Kd8 17.Bg4 Nf6 18.Bf5 Kc7 19.Nf1 Qe8 20.Qc2 b5 21.Rb1 bxc4 22.Qb2 Bc8
23.Qa3 Nd7 24.Qa5+ Nb6 25.Rxb6 axb6 26.Qxa8 Qb5 27.Nd2 Bxf5 28.Qa7+  1-0

[Event "Copenhagen Chess Challenge 2012"]
[Site "Ballerup DEN"]
[Date "2012.05.04"]
[Round "5"]
[White "Pedersen,NicV"]
[Black "Stefansson,H"]
[Result "1/2-1/2"]
[WhiteElo "2465"]
[BlackElo "2516"]

1.d4 Nf6 2.c4 e6 3.Nc3 Bb4 4.Nf3 b6 5.Bg5 Bb7 6.e3 h6 7.Bh4 g5 8.Bg3 Ne4
9.Qc2 Bxc3+ 10.bxc3 d6 11.Bd3 f5 12.d5 Na6 13.Bxe4 fxe4 14.Qxe4 Qf6 15.Qxe6+ Qxe6
16.dxe6 Nc5 17.O-O Bxf3 18.gxf3 Nxe6 19.Kg2 Kd7 20.Rad1 Rhf8 21.h3 Rf7 22.e4 Kc6
23.Rfe1 Raf8 24.Re3 Rg8 25.e5 Nf4+ 26.Kh2 dxe5 27.Rxe5 Rg6 28.Rd4 Ne6 29.Rde4 Nc5
30.Re3 Rgf6 31.Kg2 Rg6 32.Kf1 Rgf6 33.Ke2 Rd7 34.Re8 a5 35.Be5 Rg6 36.Bd4 Rgd6
37.R8e7 Rxe7 38.Rxe7 Re6+ 39.Rxe6+ Nxe6 40.Be5 Kc5 41.Kd3 a4 42.Ke4 Kxc4
43.Kf5 Nf4 44.h4 Nd3 45.hxg5 hxg5 46.Bxc7 b5 47.Kxg5 Kxc3 48.f4 b4 49.f5 b3
50.axb3 axb3 51.f6 b2 52.f7 b1=Q 53.f8=Q Qb5+ 54.Qf5 Qxf5+  1/2-1/2

[Event "Nakhchivan Open 2012"]
[Site "Nakhchivan AZE"]
[Date "2012.05.04"]
[Round "7.1"]
[White "Iordachescu,V"]
[Black "Zhigalko,S"]
[Result "1/2-1/2"]
[WhiteElo "2644"]
[BlackElo "2649"]

1.d4 Nf6 2.c4 e6 3.Nc3 Bb4 4.Nf3 b6 5.e3 Bb7 6.Bd3 O-O 7.O-O d5 8.cxd5 exd5
9.Ne2 Bd6 10.Ng3 g6 11.Ne5 c5 12.b3 Nc6 13.Bb2 Qe7 14.Nxc6 Bxc6 15.Rc1 Bb7
16.Rc2 Rac8 17.Re1 h5 18.Nf1 Ne4 19.dxc5 bxc5 20.f3 Ng5 21.f4 Ne4 22.Bxe4 Qxe4
23.Ng3 Qe7 24.f5 h4 25.Nf1 Qg5 26.Rf2  1/2-1/2

[Event "FSIM May 2012"]
[Site "Budapest HUN"]
[Date "2012.05.06"]
[Round "2"]
[White "Kojima,S"]
[Black "Gupta,B"]
[Result "1/2-1/2"]
[WhiteElo "2264"]
[BlackElo "2096"]

1.Nf3 Nf6 2.c4 e6 3.Nc3 Bb4 4.d4 c5 5.g3 cxd4 6.Nxd4 Ne4 7.Qd3 Nxc3 8.bxc3 Be7
9.Bf4 Nc6 10.Bg2 O-O 11.O-O g5 12.Bc1 Ne5 13.Qe4 Nxc4 14.Nxe6 d5 15.Qxc4 Bxe6
16.Qd3 Qd7 17.Rd1 Rfd8 18.Be3 Bf6 19.Bd4 Bg7 20.Bxg7 Kxg7 21.Rab1 a6 22.c4 Bf5
23.e4 Bg6 24.cxd5 Rac8 25.Rb6 Kg8 26.Rdb1 Qa4 27.Qe3 h6 28.h4 gxh4 29.Qxh6 hxg3
30.Rxg6+ fxg6 31.Qxg6+ Kh8 32.Rb2 Rd7 33.Qh6+ Kg8 34.Qe6+ Kh8 35.Qh3+ Kg8  1/2-1/2

[Event "Asian Continental w 2012"]
[Site "Ho Chi Minh City VIE"]
[Date "2012.05.06"]
[Round "2.1"]
[White "Mohota,N"]
[Black "Zhao Xue"]
[Result "1/2-1/2"]
[WhiteElo "2321"]
[BlackElo "2549"]

1.d4 Nf6 2.c4 e6 3.Nc3 Bb4 4.Nf3 d5 5.cxd5 exd5 6.Qa4+ Nc6 7.Bg5 h6 8.Bxf6 Qxf6
9.e3 O-O 10.Be2 Be6 11.a3 Be7 12.O-O a6 13.Qc2 Bd6 14.Rfc1 g5 15.Na4 Qg7
16.Nc5 Bc8 17.Nxa6 g4 18.Nh4 Qg5 19.g3 Nxd4 20.exd4 bxa6 21.Bf1 a5 22.b4 Bd7
23.Qc3 f5 24.bxa5 f4 25.a6 c5 26.Rab1 c4 27.Qa5 Bc6 28.Qb6 Rac8 29.a7 Qf6
30.Rc2 Bc7 31.Qc5 Ba8 32.Qb5 Rce8 33.Qd7 Re7 34.Qxg4+ Rg7 35.Qh3 Bc6 36.Rd2 f3
37.Nxf3 Bd7 38.Qg2 Bf5 39.Rb8 Rxb8 40.axb8=Q+ Bxb8 41.Re2 c3 42.Ne1 Be4 43.Qh3 Rc7
44.Bg2 Bf5 45.Bxd5+ Kg7 46.Qh5 c2 47.Nxc2 Bxc2 48.Qe8 Qf8 49.Qe5+ Qf6 50.Qe8 Qf8
51.Qe5+ Qf6 52.Qe8  1/2-1/2

[Event "Asian Continental w 2012"]
[Site "Ho Chi Minh City VIE"]
[Date "2012.05.09"]
[Round "5.14"]
[White "Guo Qi"]
[Black "Jelsen,Y"]
[Result "1-0"]
[WhiteElo "2360"]
[BlackElo "2007"]

1.d4 Nf6 2.c4 e6 3.Nc3 Bb4 4.Nf3 d5 5.cxd5 Nxd5 6.Bd2 O-O 7.e4 Nf6 8.e5 Bxc3
9.bxc3 Ne4 10.Bd3 Nxd2 11.Qxd2 c5 12.Qf4 f6 13.O-O Nc6 14.exf6 Qxf6 15.Qe4 g6
16.Rfe1 cxd4 17.cxd4 Rd8 18.Bc4 Nxd4 19.Rad1 Nc6 20.Rxd8+ Nxd8 21.Ne5 Nf7
22.Ng4 Qe7 23.Qd4 h5 24.Ne5 Nxe5 25.Rxe5 Qf6 26.f4 Kf7 27.Qe4 Ke7 28.Bxe6 Kf8
29.Qb4+  1-0

[Event "Tschaturanga Open"]
[Site "Vienna AUT"]
[Date "2012.05.12"]
[Round "6.1"]
[White "Ganaus,H"]
[Black "Baumegger,S"]
[Result "1-0"]
[WhiteElo "2302"]
[BlackElo "2437"]

1.d4 Nf6 2.c4 e6 3.Nc3 Bb4 4.Nf3 O-O 5.Bg5 h6 6.Bd2 d5 7.e3 b6 8.a3 Be7 9.Qc2 Bb7
10.cxd5 exd5 11.Bd3 c5 12.Rg1 Nc6 13.g4 Re8 14.g5 hxg5 15.Nxg5 Ne4 16.Ngxe4 dxe4
17.Bxe4 cxd4 18.Ne2 dxe3 19.Bxe3 Bc5 20.Qc3 Ne5 21.Bxb7 Bxe3 22.Kf1 Rb8 23.Be4 Bxf2
24.Kxf2 Qh4+ 25.Qg3 Ng4+ 26.Kg2 Ne3+ 27.Qxe3 Rxe4 28.Qf2 Rg4+ 29.Ng3 Rf4
30.Qe2 Rf6 31.Rgf1 Rh6 32.Kg1 Rg6 33.Qf3 Rf8 34.Rae1 f5 35.Kh1 Rg5 36.Rg1 Qh3
37.Qg2  1-0

[Event "30th Liechtenstein Open 2012"]
[Site "Triesen LIE"]
[Date "2012.05.16"]
[Round "6.1"]
[White "Bogner,S"]
[Black "Hera,I"]
[Result "0-1"]
[WhiteElo "2569"]
[BlackElo "2567"]

1.d4 Nf6 2.c4 e6 3.Nc3 Bb4 4.Nf3 b6 5.Qc2 c5 6.a3 Bxc3+ 7.Qxc3 Ne4 8.Qc2 Bb7
9.e3 O-O 10.Be2 d6 11.O-O Nd7 12.dxc5 bxc5 13.Nd2 f5 14.f3 Ng5 15.b4 Qe7
16.Nb3 Rac8 17.Bb2 e5 18.Rad1 Rf6 19.Na5 Ba8 20.b5 Nb8 21.Bd3 Rcf8 22.f4 Nh3+
23.Kh1 Rg6 24.Rd2 exf4 25.exf4 Re8 26.Qd1 Qh4 27.Nc6 Nxc6 28.Bxf5 Nd4 29.Bxg6 hxg6
30.Bxd4 cxd4 31.Re2 Re3 32.c5 Nxf4 33.Ref2 Bxg2+ 34.Rxg2 Nxg2 35.Qd2 Ne1  0-1

[Event "ch-CZE 2012"]
[Site "Kouty nad Desnou CZE"]
[Date "2012.05.18"]
[Round "7"]
[White "Babula,V"]
[Black "Cvek,R"]
[Result "1/2-1/2"]
[WhiteElo "2563"]
[BlackElo "2563"]

1.d4 Nf6 2.c4 e6 3.Nf3 Bb4+ 4.Nc3 b6 5.Qc2 Bb7 6.a3 Bxc3+ 7.Qxc3 O-O 8.e3 d6
9.b4 a5 10.Bb2 Ne4 11.Qc2 f5 12.Be2 axb4 13.axb4 Rxa1+ 14.Bxa1 Ng5 15.Qd1 Nxf3+
16.Bxf3 Bxf3 17.Qxf3 Nd7 18.Bb2 Qa8 19.Qxa8 Rxa8 20.Kd2 Nf6 21.f3  1/2-1/2

[Event "50th ch-IND Challengers 2012"]
[Site "Tirupati IND"]
[Date "2012.05.19"]
[Round "3.3"]
[White "Debashis,D"]
[Black "Shetty,R"]
[Result "1-0"]
[WhiteElo "2425"]
[BlackElo "2242"]

1.d4 Nf6 2.c4 e6 3.Nc3 Bb4 4.Nf3 c5 5.dxc5 O-O 6.a3 Bxc5 7.Qc2 b6 8.Bg5 h6
9.Bh4 Bb7 10.Rd1 Be7 11.e4 Nc6 12.Be2 Qb8 13.O-O Rd8 14.Rd2 d6 15.Rfd1 a6
16.b4 Na7 17.c5 bxc5 18.bxc5 Qc7 19.cxd6 Rxd6 20.Nd4 Rdd8 21.Qb3 Rac8 22.Rc2 Nc6
23.Nxc6 Rxd1+ 24.Nxd1 Bxc6 25.Bxa6 Qa5 26.Bxf6 Bxf6 27.Bf1 Bd4 28.Rc4 Qa7
29.Qc2 Qd7 30.a4  1-0

[Event "ch-UZB Major 2012"]
[Site "Tashkent UZB"]
[Date "2012.05.21"]
[Round "5"]
[White "Kasyan,A"]
[Black "Khoroshev,N"]
[Result "1/2-1/2"]
[WhiteElo "2353"]
[BlackElo "2319"]

1.d4 Nf6 2.c4 e6 3.Nc3 Bb4 4.Nf3 b6 5.e3 Bb7 6.Bd3 Ne4 7.O-O Bxc3 8.bxc3 Nxc3
9.Qc2 Bxf3 10.gxf3 Qg5+ 11.Kh1 Qa5 12.Kg2 Qg5+ 13.Kh1 Qh5 14.Rg1 Qxf3+ 15.Rg2 f5
16.Qxc3 Qd1+ 17.Rg1 Qf3+ 18.Rg2 Qd1+  1/2-1/2

[Event "10th Somov Memorial"]
[Site "Kirishi RUS"]
[Date "2012.05.23"]
[Round "11"]
[White "Vakhidov,J"]
[Black "Codenotti,M"]
[Result "1-0"]
[WhiteElo "2439"]
[BlackElo "2345"]

1.d4 Nf6 2.c4 e6 3.Nc3 Bb4 4.Nf3 b6 5.Qc2 Bb7 6.Bg5 h6 7.Bh4 O-O 8.Nd2 d6
9.a3 Bxc3 10.Qxc3 Nbd7 11.e3 e5 12.dxe5 dxe5 13.Be2 Re8 14.Qc2 Bxg2 15.Rg1 Bb7
16.O-O-O e4 17.Nb3 g5 18.Bg3 c5 19.h4 g4 20.h5 Kh7 21.Bh4 Qc7 22.Qc3 Qe5
23.Bxg4 Bc6 24.Bh3 Qxc3+ 25.bxc3 Rg8 26.Bf5+ Kh8 27.Rh1 Ba4 28.Kb2 Rae8 29.Rd6 Re5
30.Rxf6  1-0